书目信息 |
| 题名: |
Painter 7 教程
|
|
| 作者: | 罗颖编著 | |
| 分册: | ||
| 出版信息: | 北京 北京希望电子出版社 2002 |
|
| 页数: | 369页 | |
| 开本: | 26cm | |
| 丛书名: | ||
| 单 册: | ||
| 中图分类: | TP319.41 | |
| 科图分类: | ||
| 主题词: | 图形软件--高等学校--教材 | |
| 电子资源: | ||
| ISBN: | 7-900118-70-5 | |
| 000 | 00549Pam2 2200193 45 | |
| 001 | JMS0004553 | |
| 005 | 20070729100735.25 | |
| 010 | @a7-900118-70-5@dCNY39.00 | |
| 100 | @a20030410d2002 ekmy1chiy0120 ea | |
| 101 | 0 | @achi |
| 102 | @aCN@b110000 | |
| 200 | 1 | @aPainter 7 教程@APainter 7 jiao cheng@f罗颖编著 |
| 210 | @a北京@c北京希望电子出版社@d2002 | |
| 215 | @a369页@d26cm | |
| 300 | @a高等美术院校电脑美术系列教材第三十八册 | |
| 606 | 0 | @a图形软件@x高等学校@x教材 |
| 690 | @aTP319.41@v3 | |
| 801 | 0 | @bTSSF@c20070729 |
| 905 | @a10447@dTP319.41@e200 | |
| Painter 7 教程/罗颖编著.-北京:北京希望电子出版社,2002 |
| 369页;26cm |
| 高等美术院校电脑美术系列教材第三十八册 |
| ISBN 7-900118-70-5:CNY39.00 |
| ● |
| 相关链接 |
|
|
|
|
正题名:Painter 7 教程
索取号:TP319.41/200
 
预约/预借
| 序号 | 登录号 | 条形码 | 馆藏地/架位号 | 状态 | 备注 |
| 1 | 0784951 | 207849514 | 第三借阅区/ [索取号:TP319.41/200] | 在馆 | |
| 2 | 0785190 | 207851902 | 第二样本阅览室/ [索取号:TP319.41/200] | 在馆 | |
| 3 | 0785191 | 207851911 | 第三借阅区/ [索取号:TP319.41/200] | 在馆 | |
| 4 | 0785192 | 207851920 | 第三借阅区/ [索取号:TP319.41/200] | 在馆 | |
| 5 | 0785193 | 207851939 | 第三借阅区/ [索取号:TP319.41/200] | 在馆 |